[Event "Wch U14 Girls rapid"]
[Site "Batumi"]
[Date "2023.06.07"]
[Round "6"]
[White "Chukuyeva, Mariya"]
[Black "Kirtadze, Anastasia"]
[Result "0-1"]
[WhiteElo "1191"]
[BlackElo "1821"]
[PlyCount "72"]
[EventDate "2023.06.06"]
[EventType "swiss (rapid)"]
[EventRounds "11"]
[EventCountry "GEO"]
[SourceTitle "EXT 2024"]
[Source "ChessBase"]
[SourceDate "2023.10.10"]
[SourceVersion "1"]
[SourceVersionDate "2023.10.10"]
[SourceQuality "1"]
[WhiteTeam "Kazakhstan"]
[BlackTeam "Georgia"]
[WhiteTeamCountry "KAZ"]
[BlackTeamCountry "GEO"]

1. d4 Nf6 2. Bf4 e6 3. e3 b6 4. Nf3 Bb7 5. Bd3 Be7 6. Nbd2 c5 7. c3 Nh5 8. Bg3 Nxg3 9. hxg3 h6 10. Qe2 Qc7 11. 0-0 d6 12. Rac1 Nd7 13. e4 g5 14. Rfe1 h5 15. d5 e5 16. b4 h4 17. gxh4 gxh4 18. Nh2 0-0-0 19. Ba6 Rdg8 20. a4 Nf6 21. Ndf1 Nh5 22. Ne3 Nf4 23. Bxb7+ Kxb7 24. Qf1 Nxg2 25. Nxg2 h3 26. f3 hxg2 27. Qb5 Bg5 28. Rb1 Bd2 29. Re2 Bf4 30. Rxg2 Rxg2+ 31. Kxg2 Rxh2+ 32. Kg1 Qe7 33. Qc6+ Kb8 34. a5 Qg5+ 35. Kf1 Qg2+ 36. Ke1 Qe2# 0-1